Normal view
MARC view
Entry Personal Name
001 - CONTROL NUMBER
- control field: 40474
003 - CONTROL NUMBER IDENTIFIER
- control field: ARRUPE
005 - DATE AND TIME OF LATEST TRANSACTION
- control field: 20180309091345.0
008 - FIXED-LENGTH DATA ELEMENTS
- fixed length control field: 180309|| aca||aabn | a|a d
040 ## - CATALOGING SOURCE
- Original cataloging agency: ARRUPE
- Transcribing agency: ARRUPE
100 ## - HEADING--PERSONAL NAME
- Personal name: Leornard T. Kapungu
670 ## - SOURCE DATA FOUND
- Source citation: Work cat.: (ARRUPE)8901: Kapungu, Leornard T 40473, Rhodesia:, 1974